01671cam a2200349 a 4500999001700000001000900017003000400026005001700030008004100047010001700088015001900105016001800124020003900142020003600181035002400217040005000241043001200291050002500303082002400328100004100352245013600393246005400529260005600583300007100639504005100710505027300761650004001034650003801074906004501112942003701157952012701194 c27202d2720215915107OSt20170207154003.0090921s2010 ctuabf b 001 0 eng  a 2009039258 aGBB0506442bnb7 a0155305872Uk a9780300152661 (cloth : alk. paper) a0300152663 (cloth : alk. paper) a(OCoLC)ocn439904249 aDLCcDLCdYDXdYDXCPdBWXdCDXdMOFdUKMdDLC ae-fr---00aN5310.5.F7bD47 201000a709.01/120944722221 aDesdemaines-Hugon, Christine,d1946-10aStepping-stones :ba journey through the Ice Age caves of the Dordogne /cChristine Desdemaines-Hugon ; foreword by Ian Tattersall.30aJourney through the Ice Age caves of the Dordogne aNew Haven [Conn.] :bYale University Press,cc2010. axix, 222 p., [30] p. of plates :bill. (some col.), maps ;c25 cm. aIncludes bibliographical references and index.0 aFreshly plowed fields in the Vézère Valley -- Font de Gaume -- Millions of years ago -- Neanderthals and Homo sapiens -- Combarelles -- Venus figures, blades, beads, and bone -- Rouffignac -- Laurel leaves and needles -- Cap Blanc -- Art at its peak -- Bernifal. 0aArt, PrehistoriczFrancezDordogne. 0aCave paintingszFrancezDordogne. a7bcbccorignewd1eecipf20gy-gencatlg 2lcccBOOKShN 5310.5 .F7D47 2010 00102lcc4070aMUCbMUCcTECHd2017-02-07eDonation (BFA)l0oN 5310.5 .F7D47 2010p34723r2018-07-10w2017-02-07yBOOKS